| 000 | 01417nam a2200181 a 4500 | ||
|---|---|---|---|
| 090 |
_aIAVH _b00765 CD-1 |
||
| 041 | _aspa | ||
| 110 |
_bFundación Natura _92886 |
||
| 245 | _aRecopilación, análisis y síntesis de la información biofísica contenida en proyectos sobre conservación realizados en el nororiente colombiano | ||
| 260 |
_aBogotá _bInstituto Alexander von Humboldt _c2004 |
||
| 300 | _a47 p. | ||
| 520 | _aEn total se recopilaron y analizaron 66 proyectos de la región, sintetizando la información en bases de datos por nodos. Se anexa un listado de los proyectos que incluye además el nombre de 177 proyectos que no fueron analizados por no cumplir con los criterios establecidos. Se presenta además una síntesis del estado actual de los avances en el establecimiento de áreas protegidas y constitución de sistemas de áreas protegidas para la región basado en la información recopilada en CARS, Universidad y con otras ONGs. Se presenta una base de datos con información sobre áreas protegidas nacionales y regionales, incluyendo categoría, nombre y localizació n (incluyendo Reservas de la Sociedad Civil). | ||
| 650 |
_aBiodiversidad _992204 |
||
| 650 |
_aConservación _992401 |
||
| 650 |
_aAreas protegidas _978 |
||
| 650 |
_aSistemas de áreas protegidas _992402 |
||
| 773 | 0 |
_05986 _99704 _a _b _dBogotá Informatica documental 2007 _o024802 _tInformes de investigaciones IAVH en PDF _w _x _z |
|
| 999 |
_c6044 _d6044 |
||